| 000 | 00380nam a2200145 a 4500 | ||
|---|---|---|---|
| 005 | 20140412111420.0 | ||
| 008 | 070906s19uu xx 00 eng d | ||
| 020 | _a971-508-276-9 | ||
| 050 |
_aFil 398 _bOn2o 2005 |
||
| 245 | _a100 Questions Filipino Kids Ask. | ||
| 260 |
_aPhilippines : _bAdarna house, _c2005. |
||
| 300 | _a179 | ||
| 500 | _aIncludes index. | ||
| 999 |
_c105980 _d105980 |
||